000 00433nam a22001817a 4500
003 MPLRDC
005 20220104142533.0
008 210129b ||||| |||| 00| 0 eng d
082 _a857.44 YM
100 _a佚名
245 _a平山冷燕
_c
250 _a一版一刷
260 _a
_b春风文艺出版社
_c1982
300 _b
490 _a明末清初小说选刊
650 _a章回小说
942 _cBK
_o857.44 YM
999 _c31674
_d31664